<?xml version="1.0" encoding="UTF-8"?><?xml-stylesheet type="text/xsl" href="static/style.xsl"?><OAI-PMH xmlns="http://www.openarchives.org/OAI/2.0/" xmlns:xsi="http://www.w3.org/2001/XMLSchema-instance" xsi:schemaLocation="http://www.openarchives.org/OAI/2.0/ http://www.openarchives.org/OAI/2.0/OAI-PMH.xsd"><responseDate>2026-04-13T01:11:35Z</responseDate><request verb="GetRecord" identifier="oai:www.recercat.cat:2072/376722" metadataPrefix="marc">https://recercat.cat/oai/request</request><GetRecord><record><header><identifier>oai:recercat.cat:2072/376722</identifier><datestamp>2025-03-18T15:33:04Z</datestamp><setSpec>com_2072_220028</setSpec><setSpec>com_2072_4427</setSpec><setSpec>col_2072_479371</setSpec></header><metadata><record xmlns="http://www.loc.gov/MARC21/slim" xmlns:dcterms="http://purl.org/dc/terms/" xmlns:xsi="http://www.w3.org/2001/XMLSchema-instance" xmlns:doc="http://www.lyncode.com/xoai" xsi:schemaLocation="http://www.loc.gov/MARC21/slim http://www.loc.gov/standards/marcxml/schema/MARC21slim.xsd">
   <leader>00925njm 22002777a 4500</leader>
   <datafield ind2=" " ind1=" " tag="042">
      <subfield code="a">dc</subfield>
   </datafield>
   <datafield ind2=" " ind1=" " tag="720">
      <subfield code="a">Jornet Niella, Rafel</subfield>
      <subfield code="e">author</subfield>
   </datafield>
   <datafield ind2=" " ind1=" " tag="720">
      <subfield code="a">Belarte Franco, Maria Carme</subfield>
      <subfield code="e">author</subfield>
   </datafield>
   <datafield ind2=" " ind1=" " tag="720">
      <subfield code="a">Sanmartí, Joan (Sanmartí i Grego)</subfield>
      <subfield code="e">author</subfield>
   </datafield>
   <datafield ind2=" " ind1=" " tag="720">
      <subfield code="a">Asensio, David</subfield>
      <subfield code="e">author</subfield>
   </datafield>
   <datafield ind2=" " ind1=" " tag="720">
      <subfield code="a">Morer de Llorens, Jordi</subfield>
      <subfield code="e">author</subfield>
   </datafield>
   <datafield ind2=" " ind1=" " tag="720">
      <subfield code="a">Noguera Guillén, Jaume</subfield>
      <subfield code="e">author</subfield>
   </datafield>
   <datafield ind2=" " ind1=" " tag="260">
      <subfield code="c">2020</subfield>
   </datafield>
   <datafield ind2=" " ind1=" " tag="520">
      <subfield code="a">Los trabajos realizados entre 2014 y 2019 en este importante núcleo, situado estratégicamente entre las cuencas
de los ríos Ebro y Matarraña, han combinado la excavación en extensión, la prospección intensiva del asentamiento y de
su entorno inmediato, los análisis interdisciplinares y la revisión de las intervenciones anteriores. Los resultados permiten
reinterpretar la evolución del asentamiento entre el Primer Hierro y el Alto Imperio. Su extensión inicial debió de ser reducida, con una función limitada al control del territorio y ejercida desde una gran torre, mientras que en el siglo III a. C. alcanzó su máxima extensión (3 ha) y se erigió una gran mansión aristocrática. Esta evolución refleja el proceso de estratificación y urbanización de la sociedad ibérica de la zona, truncado por la conquista romana. En época romano-republicana se construyó un edificio fortificado que
recuperó la función de punto de control, para pasar a ser ocupado esporádicamente en el Alto Imperio.</subfield>
   </datafield>
   <datafield ind2=" " ind1=" " tag="520">
      <subfield code="a">Research carried out between 2014 and 2019 on this important site, strategically located between the basins of the Ebro
and Matarraña rivers, combined extensive excavation, intensive survey of the settlement and its immediate surroundings, interinterdisciplinary analysis, and a review of previous works. The results throw new light on the evolution of the settlement between
the Early Iron Age and the Early Empire. Its initial extension must have been reduced, and aimed to control the territory from a large tower, while in the 3rd century BC the settlement reached its maximum surface (3 ha) and a large aristocratic mansion was erected. This evolution reflects the stratification and urbanisation processes of the Iberian society in the area, which would be truncated by the Roman conquest. In the Roman Republican era, a fortified building was built that recovered the site’s function as a control point; this would be sporadically occupied during the early Roman Empire.</subfield>
   </datafield>
   <datafield ind1="8" ind2=" " tag="024">
      <subfield code="a">0082-5638</subfield>
   </datafield>
   <datafield ind1="8" ind2=" " tag="024">
      <subfield code="a">http://hdl.handle.net/2072/376722</subfield>
   </datafield>
   <datafield ind1="8" ind2=" " tag="024">
      <subfield code="a">https://doi.org/10.3989/tp.2020.12249</subfield>
   </datafield>
   <datafield ind2="0" ind1="0" tag="245">
      <subfield code="a">El Coll del Moro (Gandesa, Tarragona) y su contexto territorial: formación y desarrollo de un asentamiento urbano protohistórico</subfield>
   </datafield>
</record></metadata></record></GetRecord></OAI-PMH>